| 000 | nam a22 7a 4500 | ||
|---|---|---|---|
| 999 |
_c233466 _d233466 |
||
| 003 | Nust | ||
| 005 | 20170308103411.0 | ||
| 008 | 170308b xxu||||| |||| 00| 0 eng d | ||
| 040 | _cDLC | ||
| 082 | _a625.84 PAC | ||
| 100 | _aPortland Cement Association | ||
| 245 | _aThickness Design for Concrete Highway and Styreet Pavements (Report) | ||
| 942 |
_2ddc _cBK |
||